00697nam a2200241Ia 450000500170000000800410001702000150005808200190007310000160009224500310010825000190013930000510015849000130020965000210022265000300024394200120027326400320028533600270031733700330034433800280037704000350040599900150044020220317000711.0160601s2000 ag a g 000 0 spa  a950111420104a513.211 bV27n1 aVera, Paula14aLos números cPaula Vera a1a. edición  a10 páginas bilustraciones en color c16 cm  aCaricias142LEMBaNúmeros 142LEMBaLibros de texturas  2ddccBK aBuenos Aires bSigmarc2000 atextobtxt2rdacontent asin mediaciónbn2rdamedia avolumenbnc2rdacarrier aCO-BoRNBPbspaerdacCO-BoRNBP c4811d4811